000 01714nam0a2200361 4500
001 RU\NLR\bibl\198667
005 20260405115942.0
021 _aRU
_b2001-5403
_9262
035 _a(NLR Aleph) 000195075
090 _a1129197
_c1129197
100 _a20011022d2000 |||y0rusy50 ca
101 0 _arus
102 _aRU
105 _aa |||||||||
200 1 _aДрейф нуля в волоконном кольцевом интерферометре с контуром из скрученного волоконного световода со слабым собственным линейным двулучепреломлением
_fГ. Б. Малыкин, В. И. Позднякова
210 _aН. Новгород
_cИПФ
_d2000
215 _a18,[1] с.
_cил.
_d21
225 1 _aПрепринт
_fРос. акад. наук, Ин-т прикладной физики
_vN 531
320 _aБиблиогр.: с. 16-19
606 0 _aВолоконно-оптические интерферометры
_9921108
_3RU\NLR\auth\6618769
610 0 _aСветоводы (физ.) волоконные - поляризационные характеристики
675 _a681.7.068.4:535.51
_v3
_zrus
686 _a81.37
_2rugasnti
686 _a22.34
_2rubbk
686 _aВ343.41
700 1 _4070
_8rus
_7ca
_aМалыкин
_bГ. Б.
_f1948-
_gГригорий Борисович
_3RU\NLR\auth\7746244
_929179
701 1 _4070
_7ca
_8rus
_aПозднякова
_bВ. И.
_f1966-
_gВера Ильинична
_9165191
_3RU\NLR\AUTH\770165235
801 0 _aRU
_bRKP
_c20011022
_gPSBO
801 1 _aRU
_bRKP
_c20011022
801 2 _aRU
_bNLR
_c20070418
_grcr
942 _cBOOK
980 _aNB